[Event "GBR-ch106 Senior Over 50"]
[Site "Torquay"]
[Date "2019.08.04"]
[Round "7.10"]
[White "Gibbs, Dominic V"]
[Black "Lowe, Chris"]
[Result "1/2-1/2"]
[WhiteElo "1918"]
[BlackElo "2027"]
[PlyCount "118"]
[EventDate "2019.07.29"]
[EventType "swiss"]
[EventRounds "7"]
[EventCountry "GBR"]

1. e4 d5 2. exd5 Nf6 3. c4 e6 4. dxe6 Bxe6 5. Nf3 Qe7 6. Qe2 Nc6 7. Nc3 O-O-O
8. d3 Nb4 9. d4 Bf5 10. Qxe7 Nc2+ 11. Kd2 Bxe7 12. Bd3 Bxd3 13. Kxd3 Nxa1 14.
Be3 Ng4 15. Rxa1 Nxe3 16. fxe3 Rhe8 17. Nd5 c6 18. Nxe7+ Rxe7 19. Re1 h6 20.
Re2 g5 21. g3 Re6 22. Nd2 f5 23. Rf2 Rde8 24. Nf1 Rf6 25. Nd2 Rg8 26. a3 a5 27.
c5 Kc7 28. b3 b6 29. cxb6+ Kxb6 30. Nc4+ Ka6 31. Ne5 Rd8 32. g4 f4 33. exf4 c5
34. f5 Rxd4+ 35. Ke3 Rd1 36. Nd3 Kb6 37. Rc2 Rc6 38. Ke4 Rd6 39. Nxc5 R1d4+ 40.
Kf3 Rf4+ 41. Kg3 Rd1 42. h3 Rff1 43. b4 Rg1+ 44. Kf3 Rgf1+ 45. Ke3 axb4 46.
axb4 Rfe1+ 47. Kf3 Rf1+ 48. Rf2 Rxf2+ 49. Kxf2 Kb5 50. Ke2 Rd4 51. Ne6 Rd6 52.
Ke3 Kxb4 53. Ke4 Kc4 54. Ke5 Rd3 55. Kf6 Kd5 56. Kg6 Rxh3 57. Nd8 Rh4 58. Nf7
Rxg4 59. Nxh6 Rf4 1/2-1/2

[Event "GBR-ch106 Senior Over 50"]
[Site "Torquay"]
[Date "2019.08.04"]
[Round "7.11"]
[White "Homer, Stephen J"]
[Black "Simons, Martin J"]
[Result "1-0"]
[WhiteElo "2017"]
[BlackElo "1950"]
[PlyCount "47"]
[EventDate "2019.07.29"]
[EventType "swiss"]
[EventRounds "7"]
[EventCountry "GBR"]

1. Nf3 Nf6 2. g3 g6 3. Bg2 Bg7 4. O-O O-O 5. d4 c5 6. c3 cxd4 7. cxd4 d5 8. Ne5
Ng4 9. Nxg4 Bxg4 10. h3 Be6 11. Nc3 Nc6 12. e3 Qd7 13. Kh2 h5 14. Ne2 Bh6 15.
Nf4 Bxf4 16. gxf4 Rfc8 17. Bd2 a5 18. a3 b6 19. Rg1 Kg7 20. Bf1 h4 21. Qf3 Na7
22. Bc3 Nb5 23. f5 Bxf5 24. Bxb5 1-0

[Event "GBR-ch106 Senior Over 50"]
[Site "Torquay"]
[Date "2019.08.04"]
[Round "7.15"]
[White "Shaw, Meyrick"]
[Black "Clark, Ian C"]
[Result "1-0"]
[WhiteElo "1869"]
[BlackElo "1965"]
[PlyCount "55"]
[EventDate "2019.07.29"]
[EventType "swiss"]
[EventRounds "7"]
[EventCountry "GBR"]

1. e4 c5 2. Nc3 g6 3. d3 Bg7 4. g3 e6 5. Bg2 Ne7 6. Be3 Qa5 7. Qd2 Nbc6 8. Nge2
O-O 9. O-O Rd8 10. Rae1 d5 11. exd5 exd5 12. Bg5 Be6 13. Nf4 Rd6 $11 14. Re2
Bxc3 15. bxc3 Qxa2 16. Rfe1 Qa4 17. Nxe6 Rxe6 18. Rxe6 fxe6 19. Rxe6 Kf7 20.
Qe1 Re8 21. Bxd5 Nxd5 22. Rxe8 Qg4 23. Bh6 g5 24. Bxg5 Qd7 25. Re4 Qf5 26. h4
Kg7 27. c4 Nf6 28. Rf4 1-0

[Event "GBR-ch106 Senior Over 50"]
[Site "Torquay"]
[Date "2019.08.04"]
[Round "7.16"]
[White "Gostelow, David W"]
[Black "Mashayekh, Majid"]
[Result "1/2-1/2"]
[WhiteElo "1906"]
[BlackElo "1909"]
[PlyCount "179"]
[EventDate "2019.07.29"]
[EventType "swiss"]
[EventRounds "7"]
[EventCountry "GBR"]

1. d4 Nf6 2. Bf4 e6 3. e3 d5 4. Nf3 Bd6 5. Bg3 Ne4 6. Nbd2 Nxg3 7. hxg3 Nd7 8.
e4 dxe4 9. Nxe4 Nf6 10. Bd3 h6 11. Qe2 c6 12. O-O-O Be7 13. Ne5 Rf8 14. Bc4 Bd7
$11 15. Rd3 Qc7 16. f4 O-O-O 17. Re1 Be8 18. Bb3 Kb8 19. g4 Nd5 20. g3 g5 21.
f5 Bd6 22. Nc4 Be7 23. Rf3 Nf6 24. Nxf6 Bxf6 25. c3 Bd7 26. Ne5 exf5 27. gxf5
Rde8 28. g4 Bc8 29. Re3 Rd8 30. Rh1 Bg7 31. Rf1 Bf6 32. Rh1 Bg7 33. Nc4 c5 34.
dxc5 Qxc5 35. Rf1 Bf6 36. Ne5 Rfe8 37. Re1 Bxe5 38. Rxe5 Rxe5 39. Qxe5+ Qxe5
40. Rxe5 f6 41. Re7 h5 42. gxh5 Bxf5 43. Rf7 Rh8 44. Rxf6 Be4 45. h6 g4 46. Bc2
Bxc2 47. Kxc2 g3 48. Rg6 g2 49. Rxg2 Rxh6 $11 50. Rg7 Rh2+ 51. Kb3 a6 52. a4
Ka7 53. a5 Rh5 54. Ka4 Rb5 55. b4 Rh5 56. Rd7 Rh3 57. Kb3 Kb8 58. Kc4 Rh4+ 59.
Kc5 Rh6 60. Rd6 Rh3 61. c4 Kc7 62. Rd5 Rh6 63. Rg5 Rc6+ 64. Kd4 Rd6+ 65. Rd5
Rh6 66. b5 axb5 67. cxb5 Rh4+ 68. Kc5 b6+ 69. axb6+ Kb7 70. Rd7+ Kc8 71. Rd6
Kb7 72. Rd7+ Kc8 73. Rg7 Rh6 74. Rc7+ Kb8 75. Rd7 Rg6 76. Rd6 Rg1 77. Rd8+ Kb7
78. Rd7+ Kc8 79. b7+ Kb8 80. Kb6 Rg6+ 81. Ka5 Rg4 82. Ka6 Rg6+ 83. Ka5 Rg4 84.
Kb6 Rg6+ 85. Kc5 Rg5+ 86. Kc6 Rg6+ 87. Kd5 Rg5+ 88. Kd6 Rxb5 89. Kc6 Rb6+ 90.
Kxb6 1/2-1/2

[Event "GBR-ch106 Senior Over 50"]
[Site "Torquay"]
[Date "2019.08.04"]
[Round "7.17"]
[White "Kenning, Paul H"]
[Black "Clancy, Martin J"]
[Result "1-0"]
[WhiteElo "1867"]
[BlackElo "1802"]
[PlyCount "39"]
[EventDate "2019.07.29"]
[EventType "swiss"]
[EventRounds "7"]
[EventCountry "GBR"]

1. e4 c5 2. Nf3 d6 3. Bb5+ Bd7 4. Bxd7+ Qxd7 5. c4 Nc6 6. d4 cxd4 7. Nxd4 g6 8.
Nc3 Bg7 9. Be3 Ne5 10. b3 Ng4 11. Bg5 h6 12. Bh4 a6 13. a4 N8f6 14. f3 Nxe4 15.
Nd5 O-O 16. fxe4 g5 17. Bg3 f5 18. exf5 Bxd4 19. Qxd4 Rxf5 20. O-O-O 1-0

[Event "GBR-ch106 Senior Over 50"]
[Site "Torquay"]
[Date "2019.08.04"]
[Round "7.18"]
[White "Kennedy, Craig"]
[Black "Rowan, Paul"]
[Result "1-0"]
[WhiteElo "1883"]
[BlackElo "1873"]
[PlyCount "65"]
[EventDate "2019.07.29"]
[EventType "swiss"]
[EventRounds "7"]
[EventCountry "GBR"]

1. e4 c5 2. Be2 Nc6 3. f4 g6 4. Nf3 Bg7 5. O-O e6 6. c3 d6 7. Na3 Rb8 8. Nc2 b5
9. d4 Nge7 10. dxc5 dxc5 11. Qxd8+ Kxd8 12. Be3 c4 13. Bc5 f5 14. Rad1+ Ke8 15.
Rd6 h6 16. exf5 gxf5 17. Nh4 Bd7 18. Bh5+ Kd8 19. Bf7 Nc8 20. Rd2 Kc7 21. Re1
e5 22. Ng6 exf4 23. Nxh8 Bxh8 24. Red1 Ne5 25. Nb4 Rb7 26. Na6+ Kd8 27. Bd5 Rc7
28. Nxc7 Kxc7 29. Bf3 Be6 30. Bd4 Nb6 31. Bxe5+ Bxe5 32. Re1 Nd7 33. Rxd7+ 1-0

[Event "GBR-ch106 Senior Over 50"]
[Site "Torquay"]
[Date "2019.08.04"]
[Round "7.19"]
[White "McCarron, Peter DJ"]
[Black "Ferrie, Peter L"]
[Result "1/2-1/2"]
[WhiteElo "1720"]
[BlackElo "1346"]
[PlyCount "58"]
[EventDate "2019.07.29"]
[EventType "swiss"]
[EventRounds "7"]
[EventCountry "GBR"]

1. d4 d5 2. c4 e5 3. dxe5 d4 4. a3 Nc6 5. Nd2 Nxe5 6. Ngf3 Nxf3+ 7. Nxf3 c5 8.
e3 Bg4 9. exd4 Qe7+ 10. Be2 Bxf3 11. gxf3 O-O-O 12. d5 g6 13. Be3 Bg7 14. Qd2
f5 15. O-O-O Qc7 16. d6 Qc6 17. Qd5 Qxd5 18. Rxd5 b6 19. Rhd1 Rd7 20. R1d2 Nh6
21. Bd1 Nf7 22. Ba4 Rdd8 23. d7+ Kb7 24. Bf4 g5 25. Bd6 Nxd6 26. Rxd6 Be5 27.
Re6 Bf4 28. Kc2 Bxd2 29. Kxd2 f4 1/2-1/2

[Event "GBR-ch106 Senior Over 65"]
[Site "Torquay"]
[Date "2019.07.29"]
[Round "1.1"]
[White "Stimpson, Philip M"]
[Black "Wright, Daniel"]
[Result "1/2-1/2"]
[WhiteElo "1935"]
[BlackElo "2235"]
[PlyCount "39"]
[EventDate "2019.07.29"]
[EventType "swiss"]
[EventRounds "7"]
[EventCountry "GBR"]

1. e4 c5 2. Nc3 g6 3. f4 Bg7 4. Nf3 d6 5. Bb5+ Nd7 6. O-O a6 7. Bxd7+ Bxd7 8.
d3 Nf6 9. Qe1 Bc6 10. Qh4 Qd7 11. Bd2 Qg4 12. Qxg4 Nxg4 13. h3 Nf6 14. Rae1 Nd7
15. Nd5 Rc8 16. Bc3 Bxc3 17. Nxc3 O-O 18. Nd5 Rfe8 19. c4 Kg7 20. g4 1/2-1/2

[Event "GBR-ch106 Senior Over 65"]
[Site "Torquay"]
[Date "2019.07.29"]
[Round "1.2"]
[White "Shephard, Chris CW"]
[Black "De Coverly, Roger D"]
[Result "1/2-1/2"]
[WhiteElo "2214"]
[BlackElo "1928"]
[PlyCount "81"]
[EventDate "2019.07.29"]
[EventType "swiss"]
[EventRounds "7"]
[EventCountry "GBR"]

1. c4 e5 2. Nf3 d6 3. Nc3 Nf6 4. g3 g6 5. Bg2 Bg7 6. O-O O-O 7. d3 Nc6 8. e4 h6
9. Rb1 Be6 10. b4 a6 11. a4 Qd7 12. Nd5 Bxd5 13. cxd5 Ne7 14. b5 axb5 15. axb5
b6 16. Qc2 Nh7 17. d4 exd4 18. Rd1 d3 19. Qxd3 Ra4 20. Bb2 Bxb2 21. Rxb2 Rfa8
22. Nd4 Nf8 23. Nc6 g5 24. Bh3 Qe8 25. f4 Nxc6 26. bxc6 Rxe4 27. fxg5 hxg5 28.
Rf2 g4 29. Bg2 Re1+ 30. Rxe1 Qxe1+ 31. Rf1 Qe5 32. Rf4 Ra1+ 33. Bf1 Qg7 34. Qf5
Ng6 35. Rxg4 Qc3 36. Rxg6+ fxg6 37. Qxg6+ Qg7 38. Qe8+ Kh7 39. Qh5+ Kg8 40.
Qe8+ Kh7 41. Qh5+ 1/2-1/2

[Event "GBR-ch106 Senior Over 65"]
[Site "Torquay"]
[Date "2019.07.29"]
[Round "1.3"]
[White "Thynne, Trefor F"]
[Black "Emerson, Roger"]
[Result "1/2-1/2"]
[WhiteElo "1913"]
[BlackElo "2181"]
[PlyCount "90"]
[EventDate "2019.07.29"]
[EventType "swiss"]
[EventRounds "7"]
[EventCountry "GBR"]

1. d4 Nf6 2. Bf4 d6 3. Nf3 Nh5 4. e3 Nxf4 5. exf4 g6 6. c3 Bg7 7. Nbd2 O-O 8.
Bc4 b6 9. O-O Bb7 10. Re1 Nd7 11. a4 a6 12. Qc2 Nf6 13. Qd3 c5 14. f5 d5 15.
Ba2 c4 16. Qe2 Re8 17. fxg6 hxg6 18. Ne5 Qd6 19. Bb1 Bc8 20. f4 Bf5 21. g4 Bxb1
22. Raxb1 Nd7 23. Ndf3 e6 24. Ra1 Nxe5 25. Nxe5 Bxe5 26. Qxe5 Qxe5 27. fxe5
Reb8 28. g5 b5 29. axb5 Rxb5 30. Re2 a5 31. Kf2 Rab8 32. Ra2 a4 33. Rc2 Rb3 34.
h4 Ra8 35. Ke2 Kg7 36. Kd1 Rbb8 37. Ra1 Rh8 38. Rh2 Rh5 39. Kc2 Kf8 40. Rh3 Ke7
41. Rh2 Rh7 42. Rh3 Kd7 43. Rh2 Kc6 44. Rh3 Rah8 45. Rah1 Ra8 1/2-1/2

[Event "GBR-ch106 Senior Over 65"]
[Site "Torquay"]
[Date "2019.07.29"]
[Round "1.4"]
[White "Friedgood, David"]
[Black "Skinner, Nicholas H"]
[Result "1/2-1/2"]
[WhiteElo "2177"]
[BlackElo "1905"]
[PlyCount "144"]
[EventDate "2019.07.29"]
[EventType "swiss"]
[EventRounds "7"]
[EventCountry "GBR"]

1. Nf3 d5 2. e3 Nf6 3. b3 e6 4. Bb2 Be7 5. d4 O-O 6. Bd3 Nbd7 7. Nbd2 b6 8. c4
Bb7 9. Qc2 h6 10. O-O c5 11. Rad1 Rc8 12. Qb1 Re8 13. Rfe1 Qc7 14. h3 Bd6 15.
e4 dxe4 16. Nxe4 Nxe4 17. Bxe4 Bxe4 18. Qxe4 Nf6 19. Qe2 Qe7 20. d5 exd5 21.
Qd3 Qd8 22. cxd5 Rxe1+ 23. Rxe1 Bb8 24. Qf5 Qd7 25. Qxd7 Nxd7 26. Nh4 g6 27.
Nf3 Kf8 28. Nd2 f6 29. Re6 Re8 30. Ne4 f5 31. Nf6 Re7 32. g4 fxg4 33. hxg4 g5
34. Nxd7+ Rxd7 35. Rxh6 Bf4 36. Rh8+ Ke7 37. Rh6 Rxd5 38. Rh7+ Ke6 39. Rxa7
Rd1+ 40. Kg2 Rd6 41. Bg7 Kd5 42. Bf8 Re6 43. Rd7+ Kc6 44. Re7 Rxe7 45. Bxe7 b5
46. Kf3 Kd5 47. Ke2 c4 48. Bf6 cxb3 49. axb3 Ke4 50. Bb2 Bd6 51. f3+ Kd5 52.
Bc1 Be7 53. f4 gxf4 54. Bxf4 Ke4 55. Bd2 Bf8 56. g5 Bg7 57. Bb4 Kf5 58. Be7 Ke6
59. Bd8 Kf5 60. Kd3 Bb2 61. Bf6 Ba3 62. Kd4 Bf8 63. Kd5 b4 64. Bd8 Bg7 65. Bf6
Bf8 66. Bd8 Bg7 67. Be7 Bc3 68. Kc4 Bd2 69. Bxb4 Bxg5 70. Kd5 Bd8 71. Bc3 Be7
72. b4 Bxb4 1/2-1/2

[Event "GBR-ch106 Senior Over 65"]
[Site "Torquay"]
[Date "2019.07.29"]
[Round "1.5"]
[White "Levens, David G"]
[Black "Hutchinson, Paul A"]
[Result "0-1"]
[WhiteElo "1904"]
[BlackElo "2177"]
[PlyCount "52"]
[EventDate "2019.07.29"]
[EventType "swiss"]
[EventRounds "7"]
[EventCountry "GBR"]

1. e4 d5 2. exd5 Qxd5 3. d4 e5 4. dxe5 Qxd1+ 5. Kxd1 Bc5 6. f4 Nc6 7. Nf3 Bg4
8. c3 O-O-O+ 9. Ke1 Nh6 10. b4 Bb6 11. Nbd2 Rhe8 12. a4 f6 13. a5 Be3 14. b5
Ne7 15. Nc4 Bxc1 16. Rxc1 Nd5 17. b6 axb6 18. axb6 Nxf4 19. bxc7 Kxc7 20. Kf2
Bxf3 21. Kxf3 fxe5 22. Nxe5 Nxg2 23. Bxg2 Rxe5 24. Rhd1 Rf8+ 25. Kg3 Re3+ 26.
Kh4 Rf4+ 0-1

[Event "GBR-ch106 Senior Over 65"]
[Site "Torquay"]
[Date "2019.07.29"]
[Round "1.6"]
[White "Orton, Stephen LA"]
[Black "Marshall, Michael O"]
[Result "1/2-1/2"]
[WhiteElo "2167"]
[BlackElo "1885"]
[PlyCount "67"]
[EventDate "2019.07.29"]
[EventType "swiss"]
[EventRounds "7"]
[EventCountry "GBR"]

1. e4 e5 2. Nf3 Nf6 3. Nxe5 d6 4. Nf3 Nxe4 5. Nc3 Nxc3 6. dxc3 Be7 7. Be3 Nc6
8. Qd2 Be6 9. O-O-O Qd7 10. h3 O-O-O 11. Kb1 Kb8 12. Nd4 Nxd4 13. Bxd4 Rhg8 14.
Qe3 a6 15. Be2 h6 16. f4 Rde8 17. Qf2 Qd8 18. f5 Bd7 19. Bc4 Ref8 20. Rhe1 Bf6
21. Re2 Bb5 22. Bxb5 axb5 23. Rde1 Bxd4 24. Qxd4 Re8 25. Re4 Rxe4 26. Qxe4 Qd7
27. a3 d5 28. Qe5 f6 29. Qe6 Rd8 30. Kc1 Kc8 31. Kd2 Qxe6 32. Rxe6 Kd7 33. Kd3
b6 34. Kd4 1/2-1/2

[Event "GBR-ch106 Senior Over 65"]
[Site "Torquay"]
[Date "2019.07.29"]
[Round "1.7"]
[White "Smith, David"]
[Black "Norman, Kenneth I"]
[Result "0-1"]
[WhiteElo "1878"]
[BlackElo "2121"]
[PlyCount "83"]
[EventDate "2019.07.29"]
[EventType "swiss"]
[EventRounds "7"]
[EventCountry "GBR"]

1. e4 e5 2. Nf3 Nc6 3. Bb5 a6 4. Ba4 Nf6 5. O-O b5 6. Bb3 Be7 7. d4 d6 8. h3
Nxd4 9. Nxd4 exd4 10. c3 dxc3 11. Nxc3 Bb7 12. Qe2 O-O 13. Rd1 Qc8 14. Bf4 Re8
15. Rac1 Bf8 16. f3 h6 17. Nd5 Nxd5 18. Bxd5 Bxd5 19. Rxd5 c6 20. Rdd1 d5 21.
Rxd5 cxd5 22. Rxc8 Raxc8 23. Kh2 dxe4 24. fxe4 Rc4 25. Qd3 Rcxe4 26. Bd6 Bxd6+
27. Qxd6 R8e6 28. Qd8+ Kh7 29. Qd3 g6 30. Qd7 Kg7 31. Qd3 h5 32. Qc3+ Kh7 33.
Qc7 Rf6 34. Qc5 Re2 35. Qa3 Rff2 36. Qxa6 Rxg2+ 37. Kh1 Rh2+ 38. Kg1 Reg2+ 39.
Kf1 Rxb2 40. Kg1 Rbg2+ 41. Kf1 Rxa2 42. Kg1 0-1

[Event "GBR-ch106 Senior Over 65"]
[Site "Torquay"]
[Date "2019.07.29"]
[Round "1.8"]
[White "Bowmer, Kevin"]
[Black "Charnley, Bernard J"]
[Result "1-0"]
[WhiteElo "2107"]
[BlackElo "1875"]
[PlyCount "81"]
[EventDate "2019.07.29"]
[EventType "swiss"]
[EventRounds "7"]
[EventCountry "GBR"]

1. e4 c5 2. Nf3 d6 3. d4 cxd4 4. Nxd4 Nf6 5. Nc3 a6 6. f3 e5 7. Nb3 Be7 8. Be3
Be6 9. Qd2 d5 10. exd5 Nxd5 11. Nxd5 Qxd5 12. Qxd5 Bxd5 13. O-O-O Bxb3 14. axb3
Nc6 15. Bc4 Rc8 16. Kb1 b5 17. Bd5 O-O 18. c3 b4 19. Bc4 Nb8 20. Rd5 Rfd8 21.
Rhd1 Kf8 22. cxb4 Rxd5 23. Rxd5 f6 24. Bc5 Ke8 25. Bxe7 Kxe7 26. b5 axb5 27.
Rxb5 Kd6 28. Rb7 Nd7 29. Bb5 Rc7 30. Rxc7 Kxc7 31. Bxd7 Kxd7 32. Kc2 Kd6 33.
Kd3 Kc5 34. Kc3 Kb5 35. h4 g6 36. g4 Kc5 37. b4+ Kb5 38. g5 f5 39. b3 Kb6 40.
Kc4 Kc6 41. b5+ 1-0

[Event "GBR-ch106 Senior Over 65"]
[Site "Torquay"]
[Date "2019.07.29"]
[Round "1.9"]
[White "Collins, Peter M"]
[Black "Page, Mark E"]
[Result "0-1"]
[WhiteElo "1868"]
[BlackElo "2102"]
[PlyCount "82"]
[EventDate "2019.07.29"]
[EventType "swiss"]
[EventRounds "7"]
[EventCountry "GBR"]

1. Nf3 Nf6 2. g3 g6 3. Bg2 Bg7 4. d3 O-O 5. e4 d6 6. O-O c5 7. c3 Nc6 8. h3 e5
9. Be3 h6 10. Nbd2 Ne8 11. Nh2 f5 12. f4 Nf6 13. Qe2 exf4 14. gxf4 Nh5 15. Qe1
Qe7 16. Rd1 Be6 17. a3 Rae8 18. Nhf3 Kh7 19. Qh4 Bf6 20. Qf2 b6 21. Rfe1 Qd7
22. Kh2 Bg7 23. Nh4 Ne7 24. Bf3 fxe4 25. Bxh5 gxh5 26. dxe4 Bxh3 27. f5 Bg4 28.
Nhf3 Nxf5 29. exf5 Rxf5 30. Qg2 Rg8 31. Rg1 Qf7 32. Nh4 Re5 33. Rdf1 Qe6 34.
Bf4 Re2 35. Rf2 Be5 36. Rxe2 Bxf4+ 37. Kh1 Qxe2 38. Qxe2 Bxe2 39. Rxg8 Kxg8 40.
Ne4 Kf7 41. Kg2 d5 0-1

[Event "GBR-ch106 Senior Over 65"]
[Site "Torquay"]
[Date "2019.07.29"]
[Round "1.10"]
[White "Brameld, Arthur F"]
[Black "Fisher, C Phillip"]
[Result "1-0"]
[WhiteElo "2091"]
[BlackElo "1843"]
[PlyCount "75"]
[EventDate "2019.07.29"]
[EventType "swiss"]
[EventRounds "7"]
[EventCountry "GBR"]

1. e4 c5 2. Nf3 e6 3. b3 d5 4. exd5 exd5 5. Bb5+ Bd7 6. Qe2+ Qe7 7. O-O Qxe2 8.
Bxe2 Nf6 9. Ne5 Be7 10. Bb2 O-O 11. Bf3 Bf5 12. d3 Nbd7 13. Re1 Rfe8 14. Nd2
Nb6 15. a4 a5 16. g4 Be6 17. Re2 Nc8 18. Rae1 Ra6 19. g5 Nd7 20. Nxd7 Bxd7 21.
Bxd5 Bc6 22. Bc4 Ra8 23. Ne4 Bxe4 24. Rxe4 Kf8 25. Be5 Nd6 26. Bxg7+ Kxg7 27.
Rxe7 Rxe7 28. Rxe7 Nxc4 29. bxc4 Rb8 30. Rc7 b6 31. Rc6 Kf8 32. h4 Rd8 33. Kg2
Rb8 34. f4 Re8 35. Kf2 Rb8 36. f5 Kg7 37. h5 Rb7 38. f6+ 1-0

[Event "GBR-ch106 Senior Over 65"]
[Site "Torquay"]
[Date "2019.07.29"]
[Round "1.11"]
[White "Gamble, Raymond J"]
[Black "Anderton, David W"]
[Result "1/2-1/2"]
[WhiteElo "1835"]
[BlackElo "2088"]
[PlyCount "124"]
[EventDate "2019.07.29"]
[EventType "swiss"]
[EventRounds "7"]
[EventCountry "GBR"]

1. d4 f5 2. Bg5 g6 3. e3 Bg7 4. Nc3 Nh6 5. h4 Nf7 6. Bf4 d6 7. Nf3 h6 8. Bc4 e6
9. Qd2 O-O 10. O-O-O a6 11. Bd3 Nc6 12. Bg3 e5 13. d5 Ne7 14. Be2 b5 15. a3 Bd7
16. e4 f4 17. Bh2 Qb8 18. g3 fxg3 19. fxg3 a5 20. Nb1 b4 21. h5 g5 22. Bg1 Qb7
23. Be3 Bf6 24. Rdf1 Kg7 25. Nh2 Ng8 26. Rf2 Be7 27. Rhf1 Nf6 28. Qd3 Rab8 29.
axb4 Qxb4 30. Qc3 Nxe4 31. Qxb4 axb4 32. Rf3 g4 33. Nxg4 Bxg4 34. Rxf7+ Rxf7
35. Bxh6+ Kg8 36. Rxf7 Kxf7 37. Bxg4 Bg5+ 38. Bxg5 Nxg5 39. Bf5 Kf6 40. g4 Nf3
41. Nd2 Nxd2 42. Kxd2 Kg5 43. Kd3 Rb5 44. Be6 Rc5 45. c3 bxc3 46. bxc3 c6 47.
c4 cxd5 48. cxd5 Rc1 49. Kd2 Rc4 50. Kd3 Ra4 51. Ke3 Ra3+ 52. Ke4 Rc3 53. Bd7
Rc4+ 54. Ke3 Rd4 55. Be6 Rb4 56. Bd7 Rb3+ 57. Ke4 Rb1 58. Be6 Re1+ 59. Kf3 Rd1
60. Ke4 Rd4+ 61. Ke3 Kh6 62. Kf3 Kg5 1/2-1/2

[Event "GBR-ch106 Senior Over 65"]
[Site "Torquay"]
[Date "2019.07.29"]
[Round "1.12"]
[White "Bray, Dave J"]
[Black "Towers, Nigel S"]
[Result "1/2-1/2"]
[WhiteElo "2085"]
[BlackElo "1830"]
[PlyCount "74"]
[EventDate "2019.07.29"]
[EventType "swiss"]
[EventRounds "7"]
[EventCountry "GBR"]

1. Nf3 Nf6 2. c4 e6 3. d4 Bb4+ 4. Bd2 Qe7 5. Qb3 Nc6 6. a3 Bxd2+ 7. Nbxd2 d6 8.
e4 e5 9. d5 Nb8 10. g3 O-O 11. Bg2 Nbd7 12. Qc2 a5 13. O-O a4 14. b4 axb3 15.
Nxb3 b6 16. a4 Nc5 17. Nxc5 bxc5 18. Rfb1 Ba6 19. Nd2 Rfb8 20. Nb3 Bc8 21. Qd2
Rb4 22. Qc2 Qe8 23. Nd2 Rab8 24. a5 Ba6 25. Rxb4 Rxb4 26. Bf1 Qb8 27. f3 Rb2
28. Rb1 Rxb1 29. Qxb1 Qb4 30. Qxb4 cxb4 31. Nb3 Nd7 32. Kf2 Nc5 33. Nxc5 dxc5
34. Ke1 Kf8 35. f4 f6 36. Kd2 Ke7 37. Bd3 Kd6 1/2-1/2

[Event "GBR-ch106 Senior Over 65"]
[Site "Torquay"]
[Date "2019.07.29"]
[Round "1.13"]
[White "Goodwin, Ed H"]
[Black "Jones, Chris"]
[Result "1/2-1/2"]
[WhiteElo "1825"]
[BlackElo "2036"]
[PlyCount "89"]
[EventDate "2019.07.29"]
[EventType "swiss"]
[EventRounds "7"]
[EventCountry "GBR"]

1. d4 Nf6 2. Nc3 d5 3. Bf4 e6 4. e3 Bd6 5. Nf3 c5 6. Bb5+ Nc6 7. Ne5 Qc7 8. Bg3
a6 9. Bxc6+ bxc6 10. Nd3 cxd4 11. Bxd6 Qxd6 12. exd4 O-O 13. O-O Nd7 14. Re1 c5
15. dxc5 Nxc5 16. Nxc5 Qxc5 17. Qh5 Bd7 18. Re3 f5 19. Rh3 h6 20. Rg3 Rf6 21.
Qh4 Raf8 22. Qf4 d4 23. b4 Qxb4 24. Ne2 Qc5 25. Qxd4 Qxd4 26. Nxd4 e5 27. Ne2
Rc6 28. Rc3 Rxc3 29. Nxc3 Rc8 30. Nd5 Rxc2 31. Nb4 Rc4 32. Nd3 e4 33. Ne5 Rd4
34. Nxd7 Rxd7 35. Kf1 Rd2 36. a4 Kh7 37. Rc1 Rd6 38. Ke2 Kg6 39. g3 Kf6 40. Rc7
g6 41. h4 h5 42. Rc5 Ke6 43. Rc8 Kd7 44. Rg8 Ke7 45. Ra8 1/2-1/2

[Event "GBR-ch106 Senior Over 65"]
[Site "Torquay"]
[Date "2019.07.29"]
[Round "1.14"]
[White "Hewson, Brian WR"]
[Black "Tidmarsh, David A"]
[Result "1-0"]
[WhiteElo "2035"]
[BlackElo "1809"]
[PlyCount "83"]
[EventDate "2019.07.29"]
[EventType "swiss"]
[EventRounds "7"]
[EventCountry "GBR"]

1. Nf3 d5 2. d4 Nf6 3. c4 dxc4 4. Nc3 e6 5. e4 a6 6. a4 h6 7. Bxc4 c5 8. O-O
cxd4 9. Nxd4 Qc7 10. Qe2 Nbd7 11. h3 Be7 12. Be3 O-O 13. Rac1 Qb8 14. f4 Nc5
15. e5 Nfe4 16. Nxe4 Nxe4 17. Rfd1 Nc5 18. a5 Rd8 19. b4 Nd7 20. Qe1 Nf8 21.
Bd3 Bd7 22. Be4 Ba4 23. Rd3 Rc8 24. Ra1 Be8 25. Rb3 Rc7 26. b5 axb5 27. Nxb5
Bxb5 28. Rxb5 Qc8 29. Rc1 Rxc1 30. Qxc1 Qxc1+ 31. Bxc1 Rd8 32. Be3 Bh4 33. Bf3
Rd3 34. Bf2 Bxf2+ 35. Kxf2 Nd7 36. Bxb7 Ra3 37. Bc8 Nf8 38. a6 f5 39. Rb6 Kf7
40. Rb7+ Ke8 41. Rxg7 Kd8 42. Bb7 1-0

[Event "GBR-ch106 Senior Over 65"]
[Site "Torquay"]
[Date "2019.07.29"]
[Round "1.15"]
[White "Moore, Gillian A"]
[Black "Burnett, Jim"]
[Result "0-1"]
[WhiteElo "1807"]
[BlackElo "2018"]
[PlyCount "142"]
[EventDate "2019.07.29"]
[EventType "swiss"]
[EventRounds "7"]
[EventCountry "GBR"]

1. d4 d5 2. Nc3 e6 3. Bf4 Nf6 4. e3 Be7 5. Bd3 O-O 6. Qf3 c5 7. dxc5 Bxc5 8.
O-O-O Qa5 9. e4 dxe4 10. Nxe4 Be7 11. Kb1 Nc6 12. Bd2 Qc7 13. Bc3 Nd5 14. Bd2
Ne5 15. Qg3 Nxd3 16. Qxc7 Nxc7 17. cxd3 Bd7 18. Ne2 Rfd8 19. d4 Bb5 20. N4c3
Bc6 21. f3 Rd7 22. Be3 Nd5 23. Nxd5 Bxd5 24. Nc3 Bc6 25. Rd3 b5 26. Rhd1 b4 27.
Ne4 Rad8 28. R3d2 Rd5 29. b3 f5 30. Nc5 e5 31. Ne6 R8d6 32. Nc7 Ra5 33. dxe5
Rxd2 34. Rxd2 Rxe5 35. Bf4 Re1+ 36. Kc2 Ra1 37. Kd3 Bf6 38. Rc2 Bb7 39. Bd6 Bc3
40. Kc4 a5 41. Kb5 Rd1 42. Bg3 g5 43. Kxa5 Rd7 44. Kb6 Bc8 45. Nb5 f4 46. Bf2
Rd2 47. Rxd2 Bxd2 48. Bc5 h5 49. h3 Bf5 50. Nd6 Bd3 51. Ne4 Bxe4 52. fxe4 Be3
53. Kb5 g4 54. hxg4 Bxc5 55. Kxc5 f3 56. gxf3 h4 57. Kxb4 h3 58. Ka5 h2 59. b4
h1=Q 60. a4 Qxf3 61. b5 Qxe4 62. b6 Qc6 63. g5 Kf7 64. Ka6 Qxa4+ 65. Kb7 Qb5
66. Ka7 Qa5+ 67. Kb7 Qxg5 68. Kb8 Qe5+ 69. Ka7 Qa5+ 70. Kb7 Ke7 71. Kc7 Qc5+
0-1

[Event "GBR-ch106 Senior Over 65"]
[Site "Torquay"]
[Date "2019.07.29"]
[Round "1.16"]
[White "Habershon, Paul F"]
[Black "Ramage, Colin R"]
[Result "1-0"]
[WhiteElo "2017"]
[BlackElo "1798"]
[PlyCount "95"]
[EventDate "2019.07.29"]
[EventType "swiss"]
[EventRounds "7"]
[EventCountry "GBR"]

1. d4 d5 2. c4 e6 3. Nc3 c5 4. Nf3 Nf6 5. Bg5 cxd4 6. Nxd4 Be7 7. e3 O-O 8. Be2
Nc6 9. O-O dxc4 10. Nxc6 bxc6 11. Qa4 Nd5 12. Bxe7 Qxe7 13. Qxc4 Rb8 14. Rab1
Rb4 15. Qxc6 Bb7 16. Nxd5 exd5 17. Qc3 d4 18. exd4 Qxe2 19. Qxb4 Bxg2 20. Rfe1
Qg4 21. Qd6 Be4+ 22. Qg3 Qxg3+ 23. fxg3 Bxb1 24. Rxb1 Rc8 25. Re1 Kf8 26. Re2
Rc4 27. Rd2 Ke7 28. Kf2 Kd6 29. Ke3 f5 30. b3 Rc7 31. Kd3 g5 32. Re2 Rf7 33.
Re5 f4 34. gxf4 gxf4 35. Ke2 f3+ 36. Kf2 Rf4 37. Rh5 Rf7 38. b4 Kc6 39. a4 Kd6
40. b5 Kc7 41. a5 Kd6 42. a6 Kc7 43. Rh6 Kd7 44. d5 Kc7 45. Rc6+ Kb8 46. d6 h6
47. Rc5 Rd7 48. Rd5 1-0

[Event "GBR-ch106 Senior Over 65"]
[Site "Torquay"]
[Date "2019.07.29"]
[Round "1.17"]
[White "Hughes, Peter"]
[Black "Wager, John D"]
[Result "0-1"]
[WhiteElo "1794"]
[BlackElo "2014"]
[PlyCount "44"]
[EventDate "2019.07.29"]
[EventType "swiss"]
[EventRounds "7"]
[EventCountry "GBR"]

1. d4 d5 2. c4 c6 3. cxd5 cxd5 4. Bf4 Nc6 5. e3 Bf5 6. Nc3 e6 7. Be2 Nf6 8. g4
Bg6 9. h4 h5 10. g5 Ne4 11. Qb3 Qd7 12. Nf3 f6 13. Rg1 Bf5 14. Nxe4 Bxe4 15.
Nd2 Bf5 16. a3 a6 17. Rc1 e5 18. dxe5 fxe5 19. Bg3 g6 20. Nf3 Bg7 21. Rc5 Rd8
22. Rh1 Rf8 0-1